| 000 | 01118na a2200289 4500 | ||
|---|---|---|---|
| 001 | 14993 | ||
| 003 | MIRAKIL | ||
| 005 | 20181213154754.0 | ||
| 008 | 160924b tu 000 0 | ||
| 035 | _a14993 | ||
| 040 |
_aMilas _btur _cTR-AnCHP |
||
| 082 |
_a324.9 1950-1965 _bD53s 1966 |
||
| 090 | _a324.9 1950-1965 D53s 1966 | ||
| 110 | _aDevlet İstatistik Enstitüsü (DİE) | ||
| 222 | _aSenato üyeleri seçimleri | ||
| 245 |
_a1950-1965 milletvekili ve 1961, 1964 Cumhuriyet Senatosu üye seçimleri sonuçları _cDevlet İstatistik Enstitüsü (DİE) |
||
| 246 | _aMilletvekili ve Cumhuriyet Senatosu üye seçimleri sonuçları | ||
| 246 | _a1961 - 1964 Cumhuriyet Senatosu üye seçimleri sonuçları | ||
| 246 | _a1950 - 1965 milletvekili genel sonuçları | ||
| 260 |
_aAnkara _bDevlet İstatistik Enstitüsü (DİE) _c1966 |
||
| 300 |
_axxxvii, 1385 s. _btbl. , ktl. hrt. _c30 sm. |
||
| 490 |
_aDevlet İstatistik Enstitüsü _v513 |
||
| 610 |
_aTBMM _xSeçimler _yTarih |
||
| 650 |
_aSeçimler _yİstatistikler _zTürkiye |
||
| 651 |
_aTürkiye _xCumhuriyet Senatosu _ySeçimler |
||
| 942 |
_2ddc _cBKS |
||
| 999 |
_c580 _d580 |
||